• 首页
  • 本馆介绍
  • 公告通知
  • 最新文献
  • 馆藏检索
  • 电子资源
  • 读者导购
  • 参考咨询
  • 我的图书馆
  • 登录
  • 详细信息显示
  • 放入我的书架
  • 预约/预借图书
  • 作者相关作品
  • 分类相关作品
  • 丛书相关作品
  • 出版社相关作品

书目信息

  • 表格格式
  • 工作单格式
  • 卡片格式
题名:
一看就懂的逻辑思维全图解
    
 
作者: 罗跳跳 著
分册:  
出版信息: 北京   北京理工大学出版社  2017
页数: 214页
开本: 21cm
丛书名:
单 册:
中图分类: B812.2
科图分类:
主题词: 逻辑思维--思维训练
电子资源:
ISBN: 978-7-5682-3164-0
000 00769nam0 2200217 450
001 2336558122
005 20231110123326.02
010    @a978-7-5682-3164-0@dCNY31.80
100    @a20181129d2017 em y0chiy50 ea
101 0  @achi
102    @aCN@b110000
105    @ay z 000yy
200 1  @a一看就懂的逻辑思维全图解@Ayi kan jiu dong de luo ji si wei quan tu jie@e升级版@f罗跳跳著
210    @a北京@c北京理工大学出版社@d2017
215    @a214页@d21cm
330    @a本书阐述逻辑思维的概念、逻辑思维中存在的陷阱,以及如何打破固有思维模式,快速提升逻辑推理能力,学会用清醒的头脑,提高专注力,发现逻辑思维中的真相。
606 0  @a逻辑思维@x思维训练
690    @aB812.2@v5
701  0 @a罗跳跳@Aluo tiao tiao@4著
801  0 @aCN@b安徽时代@c20230923
905    @aBZT@dB812.2@e4
    
    一看就懂的逻辑思维全图解:升级版/罗跳跳著.-北京:北京理工大学出版社,2017
    214页;21cm
    
    
    ISBN 978-7-5682-3164-0:CNY31.80
    本书阐述逻辑思维的概念、逻辑思维中存在的陷阱,以及如何打破固有思维模式,快速提升逻辑推理能力,学会用清醒的头脑,提高专注力,发现逻辑思维中的真相。
●
相关链接 在五车中查询图书 在当当中查询图书 在豆瓣中查询图书


正题名:一看就懂的逻辑思维全图解     索取号:B812.2/4         预约/预借

序号 登录号 条形码 馆藏地/架位号 状态 备注
1 2000928155   2000928155   第四书库/四2架A面4层2列/ [索取号:B812.2/4] 在馆    
2 2000928156   2000928156   第四书库/四2架A面4层2列/ [索取号:B812.2/4] 在馆    
3 2000928157   2000928157   第四书库/四2架A面4层2列/ [索取号:B812.2/4] 在馆    
4 2000928158   2000928158   第四书库/四2架A面4层2列/ [索取号:B812.2/4] 在馆    
5 2000928159   2000928159   第四书库/四2架A面4层2列/ [索取号:B812.2/4] 在馆    
6 2000928160   2000928160   第四书库/四2架A面4层2列/ [索取号:B812.2/4] 在馆    
山东省滨州职业学院图书馆 欢迎您!
大连网信软件有限公司© 版权所有